| 000 | 00881pam a2200265 a 4500 | ||
|---|---|---|---|
| 999 |
_c2754 _d2754 |
||
| 001 | 531560 | ||
| 003 | GBCCL | ||
| 005 | 20241126110438.0 | ||
| 008 | 870202s1987 txuac 000 0aeng | ||
| 010 | _a 87002178 | ||
| 020 |
_a0849906113 : _c$12.95 |
||
| 040 |
_aDLC _cDLC _dDLC |
||
| 050 | 0 | 0 |
_aRC388 _b.O36 1987 |
| 082 | 0 | 0 |
_a289.94092 _219 _bOGG |
| 100 | 1 |
_aOggs, Allan C. _95824 |
|
| 245 | 1 | 0 |
_aYou gotta have the want-to / _cAllan C. Oggs, Sr. with Sherry Andrews. |
| 260 |
_aWaco, Tex. : _bWord Books, _c[1987] |
||
| 300 |
_axiii, 149 p. : _bill., ports. ; _c23 cm. |
||
| 600 | 1 | 0 |
_aOggs, Allan C. _xHealth. _95825 |
| 650 | 0 |
_aCerebral palsied _zUnited States _xBiography. _95826 |
|
| 650 | 0 |
_aPentecostal churches _zUnited States _xClergy _xBiography. _95827 |
|
| 700 | 1 |
_aAndrews, Sherry, _d1953- _95828 |
|
| 906 |
_a7 _bcbc _corignew _d1 _eocip _f19 _gy-gencatlg |
||
| 942 |
_2ddc _cBK |
||